Nommez un animal valide - Statistiques

Statistiques générales
  • Ce quiz a été pris 607 fois
  • Le résultat moyen est 9 sur 15
Statistiques - réponses
Nommez un... Réponse % Correct
Oiseau qui ne vole pas Autruche | Dodo | Émeu | Kiwi | Manchot | etc.
93%
Animal de compagnie accepté à Poudlard dans Harry Potter selon le règlement Chat | Crapaud | Hibou
91%
Animal commençant par J Jaguar | Jaseur boréal
91%
Mammifère ayant une grossesse (gestation) moyenne de plus d'un an Chameau | Dromadaire | Éléphant | Girafe | Lama | Morse | Okapi | Orque | Rhinocéros
84%
Animal courant à plus de 100 km/h Guépard
83%
Mammifère pondant des œufs Echidné | Ornithorynque
68%
Animal composant la Chimère mythologique Chèvre | Lion | Serpent
65%
Animal possédant des défenses mais pas de trompe Babiroussa | Hippopotame | Morse | Narval | Phacochère | Sanglier
62%
Marsupial Bandicoot | Diable de Tasmanie | Kangourou | Koala | Opossum | Wombat | etc.
58%
Mammifère qui vole Chauve-souris | Roussette
51%
Batracien ayant une queue Axolotl | Protée | Salamandre | Triton
42%
Membre des Musiciens de Brême Âne | Chat | Chien | Coq
37%
Mustélidé Belette | Blaireau | Fouine | Loutre | Martre | Putois | etc.
30%
Arachnide ne pondant pas d'œufs Scorpion
22%
Crustacé entièrement terrestre Cloporte | Crevette arboricole
17%
Aucun quiz correspondant
Distribution des résultats
% des personnes avec chaque résultat
Percentile par nombre de réponses
Votre historique - résultats
Vous n’avez pas pris ce quiz